000 00796nam a2200265Ia 4500
003 OSt
005 20220928115524.0
006 a|||||r|||| 00| 0
007 ta
008 220927b |||||||| |||| 00| 0 eng d
020 _c1227.2905000000001
024 _a99508
037 _b274, 11/09/2009, Bharatiya Sahitya Bhavana
_cTextual
040 _aSDCL
_cSDCL
_beng
041 _2eng
_aeng
082 _aW:(R), P6
100 _aSwift Adam
_9428361
245 0 _aPolitical philosophy
_b A beginners' guide for students and politicions.
250 _a2
260 _aMalden
_bWiley Press
_c2006
300 _axi,240p
_ccm.
650 _aPolitical Science
942 _hW:(R), P6
_cTEXL
_2CC
999 _c759774
_d759774